| 000 | 01303cam a2200241 a 4500 | ||
|---|---|---|---|
| 020 | _a0872629023 | ||
| 082 | 0 | 0 |
_a624.1762 _bLIF |
| 245 | 1 | 0 |
_aLifeline earthquake engineering in the central and eastern U.S. : _bproceedings of three sessions sponsored by the Technical Council on Lifeline Earthquake Engineering Research at the ASCE National Convention in New York, New York, September 1992 / _cedited by Donald B. Ballantyne. |
| 260 |
_aNew York : _bAmerican Society of Civil Engineers, _cc1992. |
||
| 300 |
_av, 194 p. : _bill., maps ; _c22 cm. |
||
| 490 | 1 | _aMonograph / Technical Council on Lifeline Earthquake Engineering ; | |
| 500 | _aIncludes bibliographical references and indexes. | ||
| 526 |
_a0 _b0 _c0 _d624_176200000000000_LIF |
||
| 650 | 0 |
_aLifeline earthquake engineering _zUnited States _xCongresses. _946636 |
|
| 650 | 0 |
_aMCE _9379 |
|
| 650 | 0 |
_aPipelines _xEarthquake effects _zUnited States _xCongresses. _946637 |
|
| 650 | 0 |
_aPublic utilities _xEarthquake effects _zUnited States _xCongresses. _946638 |
|
| 650 | 0 |
_aTransportation _xEarthquake effects _zUnited States _xCongresses. _946639 |
|
| 650 | 0 |
_aWaterworks _xEarthquake effects _zUnited States _xCongresses. _946640 |
|
| 700 | 1 |
_aBallantyne, Donald B. _946641 |
|
| 710 | 2 |
_aAmerican Society of Civil Engineers. _9702 |
|
| 942 |
_2ddc _cBK |
||
| 999 |
_c549920 _d549920 |
||